Statistiques concernant Religion chrétienne : Dieu

Cliquez ici pour prendre le quiz!

Statistiques générales

  • Ce quiz a été pris 594 fois
  • Le résultat moyen est 10 sur 20

Statistiques - réponses

QuestionsRéponses% Correct
Incarnation de Dieu.Jésus-Christ
97%
Mère de Dieu.La sainte Vierge Marie
93%
Jour du Seigneur.Le dimanche
83%
Troisième Hypostase du Dieu unique.L'Esprit Saint
74%
Union divine en trois Personnes ou Hypostases distinctes, ayant la même substance divine.La sainte Trinité
69%
Vicaire de l'Incarnation de Dieu.Le Pape
66%
Lettres grecques citées par l'Incarnation de Dieu, symbolisant Son éternité.L'Alpha
61%
Lettres grecques citées par l'Incarnation de Dieu, symbolisant Son éternité.L'Oméga
61%
Nom hébreu de Dieu cité dans l'Ancien Testament. Dieu, en dehors de Qui, il n'existe point de Dieu (Ésaïe 44.6).Yahvé
61%
Animal représentant symboliquement l'Incarnation de Dieu dans Son rôle de Victime sacrificielle. L'Évangile selon saint Jean y fait référence (1.29). Il est également un chef d'œuvre des frères Hubert et Jan van Eyck.L'Agneau mystique
55%
Épouse de l'Incarnation de Dieu.L'Église
52%
Prophète à qui Dieu S'est révélé dans le pays de Madian.Moïse
51%
Texte officiel de la profession de foi chrétienne qui commence par ses mots :

"Je crois en Dieu,
le Père tout-puissant,
créateur du ciel et de la terre"
Le crédo
49%
Nom sous lequel est connu la manifestation de Dieu (théophanie) auprès du précédent, sur le mont Horeb, relatée dans le Livre de l'Exode, au chapitre 3 : le "_____ ardent".Buisson
43%
Lieutenant de Dieu sur terre, en France, par exemple.Le Roi
28%
Parole de Dieu qui selon saint Jean (1:1-18) était au commencement, était en Dieu et était Dieu. Tout par Lui a été fait, et sans Lui n’a été fait rien de ce qui existe. Ensuite, Il s’est fait chair, et Il a habité parmi nous.Le Verbe
27%
Saint d'Afrique du Nord qui dira dans ses "Confessions" que Dieu est "plus profond que le tréfonds de moi et plus haut que le tréhaut de moi".Saint Augustin
24%
Formule liturgique formée des mots latins signifiant « grâces [soient rendues] à Dieu », utilisée notamment à la fin de la messe.Deo gratias
18%
Forme d'action de Dieu sur le monde qui, selon saint Thomas d'Aquin, a pour rôle "de fournir à chaque créature ce qui lui est nécessaire pour atteindre sa fin et d'écarter les obstacles qui pourraient l'empêcher d'y arriver".La providence
15%
Écrivain normand (1887-1959), notamment auteur du "Centaure de Dieu". Auteur attaché à l'évocation du terroir normand avec ses curés de campagne, ses paysans, et ses hobereaux, tout en exprimant sa nostalgie de l'Ancien Régime et sa passion pour la mer et les marins.Jean de La Varende
14%

Distribution des résultats

Percentile par nombre de réponses

% des personnes avec chaque résultat

Votre développement - résultats

Vous n’avez pas pris ce quiz